| 000 | 00863nam a2200217Ia 4500 | ||
|---|---|---|---|
| 005 | 20250108124748.0 | ||
| 008 | 008 250107s9999 xx 000 0 hin d | ||
| 037 | _aTB | ||
| 040 |
_aCRL _bhin _cCRL |
||
| 041 |
_ahin _2hin |
||
| 084 | _aΔ2:3 Q4 | ||
| 084 | _qCRL | ||
| 100 |
_aसंजीव कुमार, (जाकिर हुसैन कॉलेज), संपा. _9729737 |
||
| 245 | 0 |
_aराजनीति सिद्धांत: अवधारणाएं और विमर्श _cसंजीव कुमार, (जाकिर हुसैन कॉलेज), संपा. |
|
| 260 |
_aलास एंजलिस, यू.एस.ए _bसेज _c2086 |
||
| 300 | _a227पृ0 | ||
| 365 |
_aINR _b0 |
||
| 650 | _aराजनीति विज्ञान | ||
| 942 |
_cTB _hΔ2:3 Q4 |
||
| 999 |
_c1234474 _d1234474 |
||